00353nam a22001337a 4500003000700000005001700007008004100024082002100065100001700086245005700103260002500160300000800185650002600193MPLRDC20220104142805.0210129b ||||| |||| 00| 0 eng d a051.4 MPF-2 1963 a培风中学 a培风五十年金禧纪念特刊. 一九六三年c ab培风中学c1963 b精 a学术纪要、学刊